[Event "SRB-chT Premier"]
[Site "Bajina Basta"]
[Date "2023.09.23"]
[Round "6.2"]
[White "Strikovic, Aleksa"]
[Black "Ivanov, Mikhail M"]
[Result "1-0"]
[WhiteElo "2450"]
[BlackElo "2277"]
[PlyCount "103"]
[EventDate "2023.09.18"]
[EventType "team-tourn"]
[EventRounds "11"]
[EventCountry "SRB"]
[SourceTitle "EXT 2024"]
[Source "ChessBase"]
[SourceDate "2023.10.10"]
[SourceVersion "1"]
[SourceVersionDate "2023.10.10"]
[SourceQuality "1"]
[WhiteTeam "Pozega"]
[BlackTeam "Belgrade Crvena Zvezda"]
[WhiteTeamCountry "SRB"]
[BlackTeamCountry "SRB"]

1. c4 c5 2. Nf3 Nf6 3. Nc3 Nc6 4. d4 cxd4 5. Nxd4 e6 6. e4 Bb4 7. Nxc6 bxc6 8. Bd3 e5 9. 0-0 0-0 10. Be3 d6 11. h3 Be6 12. Qc2 Nd7 13. Na4 Qh4 14. Rfd1 Nf6 15. a3 Ba5 16. b4 Bd8 17. Nc3 Be7 18. Bf1 Nh5 19. Ne2 Nf4 20. Nxf4 exf4 21. Bd4 c5 22. Bb2 Rad8 23. Rd2 h5 24. Rad1 Qg5 25. Kh2 f3 26. g3 h4 27. Qc3 Bf6 28. Qxf3 Bxb2 29. Rxb2 Qe5 30. Rbd2 f5 31. exf5 Rxf5 32. Qe3 Qxe3 33. fxe3 cxb4 34. axb4 Rdf8 35. Rxd6 Rxf1 36. Rxf1 Rxf1 37. Rxe6 Rb1 38. b5 Rb2+ 39. Kg1 hxg3 40. Rc6 Kh7 41. Rc7 Ra2 42. c5 Ra5 43. Rb7 a6 44. bxa6 Rxc5 45. a7 Ra5 46. Kg2 Ra3 47. Kxg3 Rxe3+ 48. Kf4 Ra3 49. Ke5 Ra6 50. Kd5 Ra3 51. Kc6 Kh6 52. Kb6 1-0

[Event "SRB-chT Premier"]
[Site "Bajina Basta"]
[Date "2023.09.19"]
[Round "2.2"]
[White "Krstulovic, Alex"]
[Black "Ivanov, Mikhail M"]
[Result "1/2-1/2"]
[WhiteElo "2432"]
[BlackElo "2277"]
[PlyCount "75"]
[EventDate "2023.09.18"]
[EventType "team-tourn"]
[EventRounds "11"]
[EventCountry "SRB"]
[SourceTitle "EXT 2024"]
[Source "ChessBase"]
[SourceDate "2023.10.10"]
[SourceVersion "1"]
[SourceVersionDate "2023.10.10"]
[SourceQuality "1"]
[WhiteTeam "Subotica Spartak"]
[BlackTeam "Belgrade Crvena Zvezda"]
[WhiteTeamCountry "SRB"]
[BlackTeamCountry "SRB"]

1. d4 Nf6 2. Nf3 e6 3. Bf4 b6 4. e3 Be7 5. c4 Nh5 6. Nc3 Nxf4 7. exf4 Bb7 8. Bd3 Bb4 9. 0-0 Bxc3 10. bxc3 Qf6 11. g3 0-0 12. Re1 d6 13. Ng5 g6 14. h4 Nd7 15. h5 Rfe8 16. Qg4 Nf8 17. Be4 Bxe4 18. Nxe4 Qd8 19. Qf3 c6 20. hxg6 hxg6 21. d5 cxd5 22. cxd5 exd5 23. Ng5 Ne6 24. Nxe6 Rxe6 25. Qxd5 Rxe1+ 26. Rxe1 Rc8 27. Qd4 Qf8 28. Re3 Re8 29. Rxe8 Qxe8 30. Qxd6 Qe1+ 31. Kg2 Qe4+ 32. Kh2 Qc2 33. Qb8+ Kh7 34. Qxa7 Qxf2+ 35. Kh3 Qf1+ 36. Kh2 Qf2+ 37. Kh3 Qf1+ 38. Kh2 1/2-1/2

[Event "Belgrade Radnicki IM 01"]
[Site "Belgrade"]
[Date "2023.01.31"]
[Round "7"]
[White "Ivanov, Mikhail M"]
[Black "Petrovic, Aleksa"]
[Result "0-1"]
[WhiteElo "2320"]
[BlackElo "2263"]
[PlyCount "82"]
[EventDate "2023.01.25"]
[EventType "tourn"]
[EventRounds "9"]
[EventCountry "SRB"]
[SourceTitle "CBM 212 Extra"]
[Source "ChessBase"]
[SourceDate "2023.03.31"]
[SourceVersion "1"]
[SourceVersionDate "2023.03.31"]
[SourceQuality "1"]

1. Nf3 Nf6 2. g3 b6 3. Bg2 Bb7 4. 0-0 c5 5. c4 e6 6. Nc3 a6 7. d4 cxd4 8. Qxd4 d6 9. b3 Nbd7 10. e4 Qc8 11. Bh3 Be7 12. Ba3 Qc7 13. Bg2 0-0 14. Rfd1 Ne8 15. Rac1 Rc8 16. h3 h6 17. Qe3 Nc5 18. g4 Nf6 19. e5 Ne8 20. Bb2 dxe5 21. Qxe5 Bd6 22. Qe2 Nf6 23. Nd4 Bh2+ 24. Kh1 Bf4 25. Rb1 Rfd8 26. Bxb7 Qxb7+ 27. f3 Bb8 28. Qg2 e5 29. Nf5 b5 30. Nd5 Nxd5 31. cxd5 Kh7 32. Ne3 Nd7 33. g5 h5 34. Rg1 Nf8 35. Qd2 Ng6 36. Qd3 Qd7 37. Qf1 Ba7 38. Re1 Bxe3 39. Rxe3 Qxd5 40. Qb1 Kh8 41. Qf5 Qd2 0-1

[Event "Pozarevac Rudar 7th"]
[Site "Pozarevac"]
[Date "2022.12.15"]
[Round "4"]
[White "Ivanov, Mikhail M"]
[Black "Shoshin, Kirill"]
[Result "1/2-1/2"]
[WhiteElo "2334"]
[BlackElo "2280"]
[PlyCount "94"]
[EventDate "2022.12.12"]
[EventType "tourn"]
[EventRounds "9"]
[EventCountry "SRB"]
[SourceTitle "CBM 211 Extra"]
[Source "ChessBase"]
[SourceDate "2023.01.31"]
[SourceVersion "1"]
[SourceVersionDate "2023.01.31"]
[SourceQuality "1"]

1. g3 d5 2. Bg2 e5 3. d3 Nf6 4. Nf3 Bd6 5. 0-0 0-0 6. Nc3 Re8 7. e4 d4 8. Ne2 c5 9. Nd2 Nc6 10. h3 Rb8 11. f4 exf4 12. gxf4 Bf8 13. Ng3 b5 14. Nf3 c4 15. Nh2 Nb4 16. a3 Na6 17. Nf3 cxd3 18. cxd3 b4 19. axb4 Nxb4 20. Rxa7 Qb6 21. Ra3 Nd7 22. Ne2 Nc5 23. Ne1 f5 24. e5 Bb7 25. Bxb7 Rxb7 26. Kh2 Kh8 27. Nf3 Ne6 28. Nd2 Nd5 29. Nc4 Qc7 30. Ra6 Nc5 31. Ra3 Ne6 32. Ra1 Reb8 33. Ng3 g6 34. Qf3 Nb6 35. Na5 Ra7 36. Bd2 Qc2 37. Qe2 Nd5 38. Rac1 Qxb2 39. Nc6 Ra2 40. Nxb8 Qxd2 41. Rf2 Qxc1 42. Qxa2 Ndxf4 43. Nd7 Be7 44. Nf6 Qe3 45. Qa8+ Bd8 46. Ra2 Qxe5 47. Nd7 Qc7 1/2-1/2

[Event "Pozarevac Rudar 7th"]
[Site "Pozarevac"]
[Date "2022.12.12"]
[Round "1"]
[White "Ibadov, Dashgyn"]
[Black "Ivanov, Mikhail M"]
[Result "1-0"]
[WhiteElo "2308"]
[BlackElo "2334"]
[PlyCount "99"]
[EventDate "2022.12.12"]
[EventType "tourn"]
[EventRounds "9"]
[EventCountry "SRB"]
[SourceTitle "CBM 211 Extra"]
[Source "ChessBase"]
[SourceDate "2023.01.31"]
[SourceVersion "1"]
[SourceVersionDate "2023.01.31"]
[SourceQuality "1"]

1. e4 e5 2. Nf3 Nc6 3. d4 exd4 4. Nxd4 Bb4+ 5. c3 Bc5 6. Be3 Bb6 7. Nf5 Bxe3 8. Nxe3 Nf6 9. f3 Qe7 10. c4 Qb4+ 11. Qd2 Qxd2+ 12. Kxd2 d6 13. Nc3 Bd7 14. Ncd5 Nxd5 15. cxd5 Ne7 16. Rc1 0-0-0 17. Bd3 h5 18. a4 Rhf8 19. a5 a6 20. b4 Kb8 21. h4 f5 22. exf5 Nxf5 23. Bxf5 Bxf5 24. Rc4 Bg6 25. Rh3 Rde8 26. Rg3 Rf6 27. Rg5 Re5 28. f4 Rxg5 29. hxg5 Rf8 30. Ke2 Kc8 31. Kf3 Kd7 32. g4 hxg4+ 33. Kxg4 Bd3 34. Rd4 Be2+ 35. Kg3 g6 36. Rd2 Bh5 37. Ng4 Bxg4 38. Kxg4 c5 39. dxc6+ bxc6 40. Rh2 Rf7 41. Rh8 Re7 42. Rg8 Re6 43. Rg7+ Kd8 44. Ra7 Re4 45. Rxa6 Rxb4 46. Rxc6 Kd7 47. Rb6 Ra4 48. Rb7+ Kc6 49. Rg7 Rxa5 50. Rxg6 1-0

[Event "SRB Central-ch"]
[Site "Pirot"]
[Date "2022.11.20"]
[Round "5"]
[White "Ivanov, Mikhail M"]
[Black "Skvortsov, Andrei"]
[Result "0-1"]
[WhiteElo "2342"]
[BlackElo "2143"]
[PlyCount "75"]
[EventDate "2022.11.16"]
[EventType "swiss"]
[EventRounds "9"]
[EventCountry "SRB"]
[SourceTitle "CBM 211 Extra"]
[Source "ChessBase"]
[SourceDate "2023.01.31"]
[SourceVersion "1"]
[SourceVersionDate "2023.01.31"]
[SourceQuality "1"]

1. Nf3 e6 2. g3 b5 3. a4 b4 4. a5 c5 5. c3 Nc6 6. Qa4 Ba6 7. d3 Rb8 8. Nbd2 Nf6 9. Bg2 Bd6 10. 0-0 0-0 11. c4 Bb7 12. Nb3 e5 13. e4 Qc7 14. Bg5 Ne8 15. Nh4 Be7 16. Be3 Nd4 17. Bxd4 Bc6 18. Qa2 cxd4 19. Nf5 Bg5 20. h4 Bf6 21. Qb1 g6 22. Nh6+ Kh8 23. Qc1 Bg7 24. Bh3 Nf6 25. c5 Bb5 26. Rd1 d5 27. Ng4 Nxg4 28. Bxg4 dxe4 29. dxe4 f5 30. Bf3 Qf7 31. Qc2 d3 32. Rxd3 Bxd3 33. Qxd3 fxe4 34. Bxe4 Qxf2+ 35. Kh1 Rbd8 36. Qc2 Qxg3 37. c6 Rf2 38. a6 0-1